Statistics for African Countries Ending in "IA"

Click here to take the quiz!

General Stats

  • This quiz has been taken 56 times
  • The average score is 10 of 11

Answer Stats

Countries% Correct
Algeria
96%
Tanzania
96%
Nigeria
95%
Ethiopia
93%
Mauritania
93%
Somalia
93%
Zambia
93%
Gambia
91%
Namibia
89%
Tunisia
89%
Liberia
82%

Score Distribution

Percentile by Number Answered

Percent of People with Each Score

Your Score History

You have not taken this quiz